| 000 | 01668nam0a2200361 i 4500 | ||
|---|---|---|---|
| 001 | RU\NLR\BIBL_A\011290850 | ||
| 005 | 20260406085008.0 | ||
| 010 |
_a9785358176232 _94000 |
||
| 021 |
_aRU _b2016-88787 _95837 |
||
| 035 | _a(NLR Aleph) 011290850 | ||
| 090 |
_a10920422 _c10920422 |
||
| 100 | _a20161209d2016 e y0rusy50 ca | ||
| 101 | 0 |
_arus _aeng |
|
| 102 | _aRU | ||
| 105 | _aacb|j|||000zy | ||
| 200 | 1 |
_aАнглийский с удовольствием _dEnjoy English _eанглийский язык _eучебник _e8 класс _fМ.З. Биболетова, Н.Н. Трубанева _zeng |
|
| 210 |
_aМосква _cДрофа _d2016 |
||
| 215 |
_a205, [1] с. _cил., портр., цв. ил., портр., карт. _d28 |
||
| 225 | 1 | _aФГОС | |
| 300 | _aВ макете загл.: Английский язык | ||
| 300 | _aНа обл. авт.: М.З. Биболетова | ||
| 510 | 1 |
_6z92790 _aEnjoy English _zeng |
|
| 517 | 1 | _aАнглийский язык | |
| 606 | 1 |
_aАнглийский язык _jУчебники для средней школы _9972309 _3RU\NLR\AUTH\6646032 |
|
| 686 | 3 | _aШ143.21-93рус21[8] | |
| 700 | 1 |
_8rus _7ca _aБиболетова _bМ. З. _gМерем Забатовна _3RU\NLR\AUTH\7753799 _936731 |
|
| 701 | 1 |
_8rus _7ca _aТрубанева _bН. Н. _gНаталья Николаевна _3RU\NLR\AUTH\7725350 _98399 |
|
| 790 | 1 |
_8rus _7ba _aBiboletova _bM. Z. _gMerem Zabatovna _3RU\NLR\AUTH\7794434 _977360 |
|
| 790 | 1 |
_8rus _7ba _aTrubaneva _bN. N. _gNatal'ja Nikolaevna _3RU\NLR\AUTH\770151867 _9151829 |
|
| 942 | _cBOOK | ||
| 980 | _aNBR | ||